| 000 | 01034nac a22002411u 4500 | ||
|---|---|---|---|
| 010 | _a2004020264 | ||
| 020 | _a0415345413 (hard cover) | ||
| 020 | _a0415345421 (soft cover) | ||
| 082 | 0 | 0 |
_a658.403 _bP96412 |
| 090 |
_c1158 _d1158 |
||
| 100 | _aProctor, Tony. | ||
| 245 | 1 | 0 |
_aCreative problem solving for managers : _bdeveloping skills for decision-making and innovation / _cTony Proctor. |
| 250 | _a2nd ed. | ||
| 260 |
_aNew York : _bRoutledge,2005 _c2005. |
||
| 300 |
_axvi, 291 p. : _bill. ; _c25 cm |
||
| 504 | _aIncludes bibliographical references and index. | ||
| 650 | 0 | _aProblem solving. | |
| 650 | 0 | _aManagement. | |
| 856 | 4 | 1 |
_3Table of contents only _uhttp://www.loc.gov/catdir/toc/ecip0422/2004020264.html |
| 856 | 4 | 1 |
_3Publisher description _uhttp://www.loc.gov/catdir/enhancements/fy0651/2004020264-d.html |
| 942 |
_cBB _k658.403P96412 |
||
| 999 |
_c1158 _d1158 |
||